000 00769nam a2200241 i 4500
001 124464
003 ES-MaACL
005 20250930063119.0
007 t|
008 070327s1937 sp ||||1| spa d
080 _a75(46)(022)
100 1 _aMayer, August Liebmann,
_d1885-1944
_979345
245 1 3 _aLa pintura española /
_cAugust L. Mayer ; traducción de Manuel Sánchez Sarto.
260 _aBarcelona :
_bLabor,
_c[1937]
300 _a238 p., I-LXXII p. de lám. ;
_c17 cm.
490 1 _aColección Labor ;
_v73, 74
500 _aSin portada.
650 7 _aPintura española
_2embne
_916033
700 1 _aSánchez Sarto, Manuel.
_9102931
830 0 0 _aColección Labor
_v73, 74
_9184254
852 _aES-MaACL
_jE-2614
999 _c124464
_d124464